Historia del pueblo chileno
Saved in:
| Hovedforfatter: | |
|---|---|
| Format: | Bog |
| Sprog: | spansk |
| Udgivet: |
Santiago
Universitaria
2000
|
| Fag: | |
| Tags: |
Tilføj Tag
Ingen Tags, Vær først til at tagge denne postø!
|
MARC
| LEADER | 00000nam a2200000 a 4500 | ||
|---|---|---|---|
| 001 | UCN1079 | ||
| 003 | CL-VaPUC | ||
| 008 | 010420e20000000CL |||||||||||||||||spa|d | ||
| 082 | 0 | 4 | |a 983 |b VIL |2 21 |
| 100 | 0 | |a Villalobos Rivera, Sergio |e author |9 456472 | |
| 245 | 1 | 0 | |a Historia del pueblo chileno |
| 300 | |a v | ||
| 942 | |c BK | ||
| 945 | |d 20010420 00:00:00 |a vberengu | ||
| 260 | |a Santiago |b Universitaria |c 2000 | ||
| 500 | |a v.4: Siglo XVII | ||
| 650 | 0 | |a Historia de Chile |9 265473 | |
| 651 | 7 | |a CHILE |2 CL-VaPUC |9 456473 | |
| 583 | |a last modification |c 20010420 00:00:00 |k Rodrigo Vera | ||
| 999 | |c 294667 |d 294665 | ||
| 952 | |0 0 |1 0 |4 0 |6 983_000000000000000_VIL_2000 |7 0 |8 A |9 347312 |a BIBHIS |b BIBHIS |d 2019-11-20 |h v.4 |i 3716112 |o 983 VIL 2000 |p 3716112 |r 2023-01-25 |w 2019-11-20 |y BK |k HIS | ||
| 952 | |0 0 |1 0 |4 0 |6 983_000000000000000_VIL_2000 |7 0 |8 A |9 347313 |a BIBHIS |b BIBHIS |d 2019-11-20 |h v.4 |i 3716090 |o 983 VIL 2000 |p 3716090 |r 2025-01-20 |w 2019-11-20 |y BK |k HIS | ||
| 952 | |0 0 |1 0 |4 0 |6 983_000000000000000_VIL_2000 |7 0 |8 A |9 347314 |a BIBHIS |b BIBHIS |d 2019-11-20 |h v.4 |i 3716104 |l 1 |o 983 VIL 2000 |p 3716104 |r 2025-01-20 |s 2023-06-13 |w 2019-11-20 |y BK |k HIS | ||
| 952 | |0 0 |1 0 |4 0 |6 983_000000000000000_VIL_2000 |7 0 |8 A |9 347315 |a BIBHIS |b BIBHIS |d 2019-11-20 |h v.4 |i 3731359 |l 2 |o 983 VIL 2000 |p 3731359 |r 2025-01-20 |s 2023-06-20 |w 2019-11-20 |y BK |k HIS | ||
| 952 | |0 0 |1 0 |4 0 |6 983_000000000000000_VIL_2000 |7 0 |8 A |9 347316 |a BIBHIS |b BIBHIS |d 2019-11-20 |h v.4 |i 3731367 |o 983 VIL 2000 |p 3731367 |r 2025-01-20 |w 2019-11-20 |y BK |k HIS | ||